| 000 | 00321nam a22001217a 4500 | ||
|---|---|---|---|
| 020 | _a0-8247-7843-0 | ||
| 082 | _a621.31911287 ANA'O | ||
| 100 |
_aOZAWA, T _966147 |
||
| 245 | _aANALOG METHODS FOR COMPUTER AIDED CIRCUIT ANALYSIS AND DIAGNOSIS | ||
| 260 |
_aNEWYORK _bMARCELL DEKKER _c1988 |
||
| 300 | _a421P | ||
| 942 | _cBK | ||
| 999 |
_c574162 _d574162 |
||